000 00314nam a22001457a 4500
008 231124b ||||| |||| 00| 0 eng d
020 _a0198750595
041 _aeng
080 _a101
082 _a101NOR
100 _a44
101 _aFILOZO
245 _aTHE MORAL PHILOSOPHERS
_cNORMAN R
942 _2udc
_cBK
999 _c60504
_d60504